Sipos Iván öngyilkossága [rövid hír]
Elmentve itt :
| Dokumentumtípus: | Cikk |
|---|---|
| Megjelent: |
1938-04-10
|
| Sorozat: | Délmagyarország
14 No. 80 |
| Kulcsszavak: | Sipos István |
| Online Access: | http://dmarchiv.bibl.u-szeged.hu/40683 |
| LEADER | 00414nab a2200145 i 4500 | ||
|---|---|---|---|
| 001 | delm40683 | ||
| 005 | 20180927130026.0 | ||
| 008 | 180927s1938 hu o 0|| hun d | ||
| 040 | |a SZTE Délmagyarország Archívum |b hun | ||
| 041 | |a hun | ||
| 245 | 0 | 0 | |a Sipos Iván öngyilkossága |h [elektronikus dokumentum] : |b [rövid hír] |
| 260 | |c 1938-04-10 | ||
| 300 | |a 11 | ||
| 490 | 0 | |a Délmagyarország |v 14 No. 80 | |
| 695 | |a Sipos István | ||